000 00531nam a22001937a 4500
003 KOHA_MİRAKIL
005 20251112135517.0
008 251112b tu ||||| |||| 00| 0 tur d
020 _a9789944611893
040 _aTR-AnABB
_btur
_cTR-AnABB
041 _atur
082 _a891.6234
_bCON 2017
100 1 _aO Conaire, Padric,
245 1 0 _aSürgün /
_cPadric O Conaire
260 _aİstanbul :
_bTekin Yayınevi,
_c2017
300 _a156 sayfa ;
_c21 cm
650 0 4 _aİrlanda edebiyatı, roman
942 _2ddc
_cBK
999 _c9364
_d9364
900 _bGizem YORULMAZ